000 00527nam a2200193Ia 4500
005 20260429112137.0
008 260429s9999||||xx |||||||||||||| ||und||
020 _a9781439870983
041 _aEnglish
082 _a610.28
_bPET
100 _aPeterson, Donald R.
245 0 _aBiomechanics :
_bprinciples and practices /
_cDonald R. Peterson
250 _a1st ed.
260 _aBoca Raton :
_bCRC Press,
_c2015.
300 _axiii, 550 p.; hb
650 _aBiomechanics
700 _a Bronzino, Joseph D.
942 _cTB
999 _c52570
_d52570